000 00594nam a2200193Ia 4500
003 GCL
008 140319s9999 xx 000 0 ara d
040 _aGCL /
_cGCL
082 0 4 _a268.2
_bم ح
100 1 _aمحمد مصطفى حامد
245 1 0 _aالحب الالهى فى التصوف الاسلامى /
_cمحمد مصطفى حامد
700 1 _aمحمد مصطفى حلمى
300 _a137 ص
490 _aالمكتبة الثقافية
_v0
650 0 4 _aالتصوف الاسلامى
650 0 4 _aالتصوف
650 0 4 _aالحياة الروحية
942 _2ddc
_cBK
999 _c46967
_d46967